000 01731nam a2200241Ia 4500
008 0000002012 usa 0000000000eng00
020 _a9780897974424
090 _aPUS00 G76r3
100 1 _aGrooms, Red
_d1937
245 1 0 _aRed Grooms
_b: torn from the pages
_c/ Red Grooms ; photography Bill Orcutt
300 _a31 p.
_c/ 22 cm.
500 _aExposición realizada en Marlborough Gallery de nueva York entre el 24 de octubre y el 1 de diciembre de 2012 \ Incluye datos biográficos y cronología artística \ Texto en inglés
505 _aOBRAS: Let's play doctor (Richard Prince) House of Heckel (ERick Heckel) Home boy (Edouard Vuillard) The man behind the paint (Paul Cezanne) Spiderman (Odilon Redon) The green hat (NAtalia Goncharova) The late oils (John Marin) Palette control ( Henri Matisse) The sleepless dreamer (Pablo Picasso) The photographer of Paris ( Eugene Atget) Fifteen minutes, Mr. Warhol (Andy Warhol) Lair (Louise Bourgeois) Pow (Roy Lichtenstein) The screens (Willem de Kooning) Joan's blues (Joan Mitchell) In the pink (Lee Krasner) Ball and bather (Pablo Picasso) Red, yellow. blue (Donald Judd) Abstraktes bild (Gerhard Ritchter) Castles in the sky (Dorothea Tanning) BoXcar in truro (Edward Hopper) The blacbird (Leonora Carrington) Yvescape (Yves Tanguy) Sometnig fishy (René Magritte)
600 0 0 _a GROOMS, RED, 1937/
_xTRABAJOS PICTORICOS
650 1 4 _aARTE CONTEMPORANEO ESTADOUNIDENSE
650 1 4 _aARTE POP ESTADOUNIDENSE
650 1 4 _aARTISTAS PLASTICOS ESTADOUNIDENSES
650 1 4 _xCATALOGOS
650 1 4 _xEXPOSICIONES
650 1 4 _aPINTURA ESTADOUNIDENSE
999 _c14999
_d14999
260 _aNew York : Marlborough
_c2012